| 000 | 00450nam a2200181Ia 4500 | ||
|---|---|---|---|
| 001 | 25388 | ||
| 005 | 20260414151146.0 | ||
| 008 | 260414t2012||||xx |||||||||||||| ||spa|| | ||
| 041 | _aESP | ||
| 082 |
_a346.5 _bLL719 T. 1 |
||
| 100 |
_aLlambías, Jorge Joaquín _eAUT |
||
| 245 | 0 |
_aTratado de Derecho Civil : _bobligaciones |
|
| 260 | _c2012 | ||
| 300 |
_a679 páginas : _c25 cm. |
||
| 650 | _aDER | ||
| 654 | _aCDE | ||
| 942 |
_cLIB _dJUS _fJUS _2ddc _n |
||
| 999 |
_c25388 _d25388 |
||